| 000 | 00867nam a2200205Ia 4500 | ||
|---|---|---|---|
| 005 | 20251215152042.0 | ||
| 008 | 250219s9999||||xx |||||||||||||| ||und|| | ||
| 100 | _aنقاز، محمد | ||
| 245 | 0 | _aأثر النشاط البدني الرياضي في تكوين شخصية الطفل في المرحلة التحضيرية | |
| 260 |
_aالجزائر _c2006 |
||
| 300 |
_a201 و. _c30 سم. |
||
| 502 | _aماجستير | ||
| 502 | _cمعهد التربية البدنية و الرياضية، جامعة الجزائر 3 | ||
| 653 | _aالطفل | ||
| 653 | _aالنشاط البدني الرياضي التربوي | ||
| 653 | _aالنشاط البدني الرياضي المكيف | ||
| 700 | _aلزعر, سامية | ||
| 710 | _aمعهد التربية البدنية و الرياضية، جامعة الجزائر 3 | ||
| 942 | _cأطروحات | ||
| 999 |
_c15187 _d15187 |
||